000 00284nam a22001097a 4500
020 _a978-1259643767
082 _a621.395
_bMON
245 _aProgramming FPGAs: Getting Started with Verilog /
_cSimon Monk
260 _bMcGraw Hill TAB,
_c2016.
300 _a192p. ;
942 _2ddc
_cBK
999 _c615014
_d615014